000 00252nam a2200097Ia 4500
008 190216s9999||||xx |||||||||||||| ||und||
100 _aChandra Valithamburan
245 0 _aThunitharangalum Vasthrangalum
260 _bBhasha Institute
942 _cBK
999 _c40429
_d40429